000 00805cab a2200253 4500
001 WB3504-30
008 090401t1999 xxu||||| |||| 00| 0 eng d
035 _a(Sirsi) u90936
041 _aeng
245 _aNew era of tenant participation
260 _c1999
350 _a0
490 _aDETR News Release
_v(60) 25 January 1999 (4)
520 _aThe Housing Minister has launched a consultation paper providing council tenants with the opportunity to voice their opinions on the way their homes are managed. Comments by 31 March 1999.
650 _aCONSULTATION PAPER
650 _aCOUNCIL HOUSING
650 _aCOUNCIL TENANTS
650 _aDETR
650 _aSOCIAL HOUSING
650 _aTENANT PARTICIPATION
690 _aBlock management
_96220
942 _n0
948 _c27/01/1999
999 _c57692
_d57692